000 00816nam a22002417a 4500
003 UA-OsUOA
001 45902
007 ta
008 20111214b un ||||| |||| 00| 0 ukr d
090 _a82(477)
_bС48
942 _cBK
040 _aUA-OsUOA
_bukr
_cUA-OsUOA
_dUA-OsUOA
245 _aСлово. Збірник українських письменників
_bлітература, мистецтво, критика, мемуари, документи
300 _a287 с.
955 _a3
041 _aukr
080 _a82(477)
260 _aЕдмонтон
_bСлово
_c1978
246 3 1 _a7
650 7 _a82 Література. Літературознавство
_2UDC
999 _c426004
_d426004